000 00446cam a22001931 4500
001 sa 68002157
003 DLC
005 20260227112440.0
008 881028s1967 xx 000 0 beno
010 _asa 68002157
035 _a(OCoLC)23554487
040 _aDLC
_cMiU
_dDLC
042 _apremarc
050 0 0 _aPK1718.K3
_bY3
100 1 _aKara, Bimala,
_d1921-2003.
245 1 0 _aYādukara.
260 _c[1967]
300 _a168 p.
_c23 cm.
999 _c78483
_d78483